| 000 | 01782nam a2200337 a 4500 | ||
|---|---|---|---|
| 999 |
_c186999 _d186999 |
||
| 003 | BLK | ||
| 005 | 20230804094021.0 | ||
| 008 | 180411b bul|||||r ||||||| ||bul|| | ||
| 010 | _aKNG00196003000 | ||
| 040 | _aBLK | ||
| 041 |
_aBUL _cBUL |
||
| 080 |
_aПериод на феодализма в българските земи (VII век -I пол. на XVIII век) _b94(497.2)"06/17" _x(075.8) _z94(497.2)"06/17"(075.8) |
||
| 080 |
_aБългария през периода на развития феодализъм (1018-1396) _b94(497.2)"1018/1396" _x(075.8) _z94(497.2)"1018/1396"(075.8) |
||
| 139 |
_aПетров, Петър Христов и др. _bП 47 |
||
| 245 | 1 | 0 |
_aХристоматия по история на България _bЗа студентите от СУ Климент Охридски : Т. 1 - _cсъстав. Петър Петров, Васил Гюзелев. _nТ. 2 _pСъщинско средновековие (краят на ХІІ - ХІV в.) |
| 257 | _aBGR | ||
| 260 |
_bНаука и изкуство _c1978 - _aСофия |
||
| 300 | _c22 см | ||
| 380 | _a9 | ||
| 500 | _a12 078 тир. | ||
| 650 | 4 |
_aБългария - история, средни векове - учебници за ВУЗ _9247875 |
|
| 653 | 0 |
_9395677 _aистория на България |
|
| 700 | 1 |
_aПетров, Петър Христов _eсъстав. _9365020 |
|
| 700 | 1 |
_aГюзелев, Васил Тодоров _eсъстав. _9364355 |
|
| 760 | 1 |
_d1978 _h480 с. _tТ. 2 Същинско средновековие (краят на ХІІ - ХІV в.) |
|
| 852 |
_aЦб 93150 _bЦб |
||
| 856 | 4 |
_qpdf _i0.00 _ldisable |
|
| 856 | 4 |
_qpdf _i0.00 _ldisable |
|
| 942 |
_cKNG _n0 _04 _s1 |
||
| 944 |
_aCR _c14.11.2016 _k30535 _lХристина Везирева |
||